000 00828nam0a22002651 4500
001 rc\823073
005 20250622003956.0
035 _a(NLR Aleph) 006005674
090 _a7275219
_c7275219
100 _a20041129d1984 |||y0rusy50 ca
101 0 _arus
102 _aRU
105 _aa |||||||||
200 1 _aМощные ионные пучки
210 _aМ.
_cЭнергоатомиздат
_d1984
215 _a152 с.
_cил.
_d21
320 _aБиблиогр.: с. 148-151 (130 назв.)
700 1 _aБыстрицкий
_bВ. М.
_gВиталий Михайлович
_9162295
_3RU\NLR\AUTH\770162339
701 1 _aДиденко
_bА.Н.
_gАндрей Николаевич
801 0 _aRU
_bNLR
_gpsbo
801 1 _aRU
_bELAR
_2rusmarc
852 _aNLR
_j84-5/6738
942 _cBOOK
980 _aNB